| 000 | 00357nam a22001337a 4500 | ||
|---|---|---|---|
| 020 | _a969-35-0995-1 | ||
| 040 | _cNUST | ||
| 082 | _a891.4397,BUT | ||
| 245 |
_a Afratafri / افرا تفریح (Urdu) / _cDr. Muhammad Younas Butt |
||
| 260 |
_aLahore _bSang-e-Meel _c2010 |
||
| 300 | _a200 p.; | ||
| 650 | _aUrdu Literature | ||
| 942 |
_2ddc _cBK _k891.4397,BUT |
||
| 999 |
_c593783 _d593783 |
||